000
00341nam a2200157Ia 4500
999
_c
2811
_d
2811
003
OSt
005
20240704175801.0
008
200302s9999 xx 000 0 und d
082
_a
711.41
100
_a
Allan B. Jacobs FACULTY
245
_a
Great Streets
260
_b
The Mit Press
260
_c
1995
300
_a
331 P.,
942
_2
ddc